Pays qui possédaient Paris à travers l'histoire - Statistiques

Statistiques générales
  • Ce quiz a été pris 185 fois
  • Le résultat moyen est 8 sur 15
Statistiques - réponses
Periode Pays % Correct
1940 - 1944 3e Reich
97%
1870 - 1873 Empire Allemand
96%
987 - Aujourd'hui France
94%
1415 - 1436 (Guerre de cent ans) Royaume d'Angleterre
82%
-29 - 395 Empire Romain
81%
-259 -/-52 Gaule Celtique
62%
486 - 843 Royaume des Francs
53%
1815 - 1818 Occupation par la Prusse
49%
800 - 843 Empire Carolingien
40%
800 Invasions Vikings / Royaume du Danemark
30%
-52 -/-29 République Romaine
29%
843 - 987 Francie Occidentale
24%
395 - 461 Empire Romain d'Occident
20%
1940 - 1944 France Occupée
13%
461 - 486 Royaume de Soissons / Royaume de Syagrius
8%
Aucun quiz correspondant
Distribution des résultats
% des personnes avec chaque résultat
Percentile par nombre de réponses
Votre historique - résultats
Vous n’avez pas pris ce quiz